EToH's Hardest Towers - Statistics

General Stats
  • This quiz has been taken 216 times
    74 since last reset
  • The average score is 20 of 100
Answer Stats
Rank Difficulty Location Date Beaten Verifier Answer % Correct
1st Mid Unreal (13.50) The Eternal Abyss January 19, 2026 MonsterIsABlock Sadistically Terrifying Overachieving Neglectful Enragement Facility: Reborn
97%
2nd Mid Unreal The Eternal Abyss July 6, 2025 Gehadimad Tower of Monochromatic Haze
90%
4th Low-Mid Unreal The Eternal Abyss July 28, 2025 BoomSasok Tower of Wigglecore
86%
3rd Mid Unreal The Eternal Abyss May 11, 2025 greenbean1421 Tower of Impending Doom
76%
5th Low Unreal Pit of Misery October 26, 2024 MonsterIsABlock Tower of Spiralling Fates
76%
7th Low Unreal Pit of Misery October 14, 2023 skitsuna Citadel of Infinite Void
69%
8th Bottom-Low Unreal Pit of Misery August 13, 2024 skitsuna Tower of Blind Fate
59%
6th Low Unreal (13.25) The Eternal Abyss September 23, 2025 ZePlayerSlayer Tower of My Inner Hatred
55%
9th Bottom-Low Unreal The Eternal Abyss July 13, 2024 Marqulitt Citadel of The Eternal Calamity
45%
11th Bottom Unreal Void's Pique December 12, 2025 player0v0 Target Tower
45%
14th Bottom Unreal Jongular Jungle (Towers of Showers) October 3, 2025 skitsuna Tower of Computer Crippling
45%
15th Bottom Unreal Lush Colosseum (Caleb's Soul-Crushing Domain) April 10, 2025 skitsuna Citadel of The Final Destination
41%
13th Bottom Unreal Timeless Manor February 2, 2025 skitsuna Great Citadel of Great Difficulty Chart
41%
10th Bottom-Low Unreal Pit of Misery (TEA) October 11, 2025 Yazmania_1m Tower of Paradise
41%
17th Peak Horrific (12.99) Pit of Misery (TEA) June 7, 2024 MonsterIsABlock Ikea Tower
38%
12th Bottom Unreal The Eternal Abyss December 31, 2024 jeang4me Tower of Qwerty Uiop
34%
16th Baseline Unreal (13.00) Volcano (Community Top Towers) January 3, 2025 skitsuna Tower of Sudden Death
34%
18th High-Peak Horrific Abyss (Community Top Towers) February 13, 2025 Yazmania_1m Tower of Yasamsal Kiyamet
31%
21st High Horrific (12.75) Timeless Manor May 13, 2024 exexic Tower of Dissociative Force
24%
22nd High Horrific Pit of Misery July 24, 2022 skitsuna Tower of Eternal Void
24%
19th High Horrific Scope 1 (Caleb's Soul Crushing Domain) January 10, 2026 KairaSpeedrun Tower of Head Quarters
24%
20th High Horrific Spot 3 (Azi's House of Soul-Crushing Towers) April 20, 2025 exexic Tower of Ruthless Retribution
21%
32nd Mid Horrific Pit of Misery August 4, 2022 BoomSasok Tower of The Roof's Pique
21%
100th Baseline Horrific (12.00) The Eternal Abyss May 26, 2023 theobbyray8 Tower of Thje Wall
21%
49th Mid Horrific Timeless Manor November 10, 2024 ChubbyBubbers Steeple of Daze
17%
24th High Horrific Spot 2 (Azi's House of Soul-Crushing Towers) August 26, 2025 microwavium Tower of Lucid Nightmares
17%
40th Mid Horrific The Eternal Abyss July 21, 2024 ZePlayerSlayer Tower of Quite Devious
17%
23rd High Horrific Timeless Manor April 28, 2025 joelkoot Tower of Substantial Quietus
17%
38th Mid Horrific (12.50) Pit of Misery (TEA) August 5, 2024 lindsayfairlamb Tower of Thje Floor
17%
30th Mid-High Horrific Place September 19, 2024 DD3895666 Tower of Where are You Going
17%
34th Mid Horrific Place December 13, 2025 DD3895666 Found You Tower
14%
45th Mid Horrific Place August 17, 2024 tinenderman Nvidia Tower
14%
44th Mid Horrific Timeless Manor March 1, 2025 ChillUltraLight Sans Steeple
14%
93rd Bottom Horrific Pit of Misery March 13, 2024 MonsterIsABlock Steeple of Cheese Burger
14%
52nd Low-Mid Horrific Spot 5 (Azi's House of Soul-Crushing Towers) August 22, 2025 bgydan Steeple of Transcendence
14%
71st Low Horrific Timeless Manor April 12, 2025 skitsuna Tower of Brief Enmity
14%
31st Mid-High Horrific Abyss (Community Top Towers) May 9, 2025 alysstral Tower of Compromised Fear
14%
69th Low Horrific Pit of Misery (TEA) May 22, 2025 Hyperfantasies Tower of Corruption's Embrace
14%
33rd Mid Horrific Place September 4, 2025 HybridLevitation Tower of Dense Beauty
14%
53rd Low-Mid Horrific Place October 16, 2025 ex_0tical Tower of Descending Towards Oblivion
14%
41st Mid Horrific Rainforest (Community Top Towers) July 29, 2025 Ma_arko Tower of Diabolical Corner Multitude
14%
43rd Mid Horrific Rainforest (Community Top Towers) August 28, 2025 Squeker Tower of Disjointed Alliance
14%
42nd Mid Horrific Clouds (Community Top Towers) July 27, 2025 ChillUltralight Tower of Drifting Nights
14%
57th Low-Mid Horrific Ring 5 (Purist Towers of Hell) January 18, 2025 bop1783 Tower of Eternal Doom
14%
51st Low-Mid Horrific Spot 1 (Azi's House of Soul-Crushing Towers) October 26, 2025 FlreCage Tower of Exhausting Journey
14%
59th Low-Mid Horrific The Eternal Abyss January 19, 2024 exexic Tower of Flagrant Aggravation
14%
46th Mid Horrific Place October 28, 2025 imverygodatobbies Tower of Flowing Haze
14%
37th Mid Horrific Spot 5 (Azi's House of Soul-Crushing Towers) September 27, 2025 player0v0 Tower of Impressions of a Lunatic
14%
26th Mid-High Horrific Timeless Manor October 9, 2025 skitsuna Tower of Inferno Galore
14%
25th High Horrific Place July 14, 2024 Truespirit Tower of Jaded Compromise
14%
36th Mid Horrific The Eternal Abyss December 30, 2024 MyntExists Tower of Lavender Lustre
14%
88th Bottom Horrific The Eternal Abyss February 8, 2024 kkdpracticeacc Tower of Malefic Nuisances
14%
50th Low-Mid Horrific The Eternal Abyss August 10, 2024 Truespirit Tower of Prismal Radiance
14%
48th Mid Horrific Spot 3 (Azi's House of Soul-Crushing Towers) November 2, 2025 FlreCage Tower of Reborn Vertigo
14%
39th Mid Horrific Baseplate of Towers (Zektrix's Towers of Hecc) October 26, 2025 CTgaming456 Tower of Sinful Calvary
14%
29th Mid-High Horrific The Eternal Abyss November 20, 2024 a6iq1 Tower of Spiritual Rise
14%
27th Mid-High Horrific The Eternal Abyss August 17, 2025 Livingonmycouch Tower of Suq Aleumra
14%
28th Mid-High Horrific Pit of Misery (TEA) October 14, 2024 Truespirit Tower of Vague Luminescence
14%
47th Mid Horrific Clouds (Community Top Towers) January 8, 2025 myfrata Tower of Weird Core
14%
35th Mid Horrific Layer 1S (Zektrix's Towers of Hecc) October 26, 2025 1brink Tower of Zither Harmony
14%
94th Bottom Horrific The Eternal Abyss August 9, 2025 cvrro1 Barely Even A Tower
10%
82nd Bottom-Low Horrific Timeless Manor January 25, 2023 skitsuna Doomsday Tower
10%
64th Low Horrific Lag-Free Community Top Towers August 2, 2025 CCCharbee Steeple of Cha Cha Real Smooth
10%
62nd Low-Mid Horrific The Eternal Abyss October 5, 2024 Gehadimad Steeple of Nilly Bob
10%
65th Low Horrific Timeless Manor June 3, 2025 ChillUltralight Tower of Disturbing Dread
10%
89th Bottom Horrific Rainforest (Community Top Towers) September 29, 2024 Super_SmartExists Tower of Elysian Crossings
10%
70th Low Horrific (12.25) Place June 6, 2025 erykio Tower of Familiar Voids
10%
83rd Bottom-Low Horrific Pit of Misery (TEA) January 9, 2024 Gehadimad Tower of Futile Perusal
10%
66th Low Horrific Place September 7, 2025 Bikk Tower of Grayscale
10%
72nd Low Horrific N/A July 25, 2025 Azusa_iz Tower of Gridlock Madness
10%
58th Low-Mid Horrific Pit of Misery (TEA) November 26, 2023 tinenderman Tower of Lucas Penteado
10%
61st Low-Mid Horrific Baseplate of Towers (Zektrix's Towers of Hecc) October 14, 2025 imverygodatobbies Tower of Luminous Reflections
10%
67th Low Horrific Layer 1 (Zektrix's Towers of Hecc) July 15, 2025 zeverion Tower of My Eternal Destination
10%
55th Low-Mid Horrific Spot 2S (Azi's House of Soul-Crushing Towers) October 2, 2025 xxDuzeRxx Tower of Overhanging Obstacles
10%
68th Low Horrific Clouds (Community Top Towers) May 12, 2024 Z_Exzer Tower of Spatial Awareness
10%
96th Bottom Horrific Volcano (Community Top Towers) February 26, 2025 lunchlys Tower of The Homefinder
10%
60th Low-Mid Horrific Baseplate of Towers (Zektrix's Towers of Hecc) January 3, 2026 ex_0tical Tower of The Horizontal Wall
10%
81st Bottom-Low Horrific Spot 1S (Azi's House of Soul-Crushing Towers) August 15, 2024 Conraderien Tower of The Ice Wall
10%
95th Bottom Horrific The Soul-Crushing Collection August 8, 2025 unoluno123 Tower of The Quest For Perfection
10%
54th Low-Mid Horrific The Eternal Abyss July 17, 2024 bop1783 Tower of The Sky's The Limit
10%
99th Bottom Horrific Abandoned Manor (Azi's House of Soul-Crushing Towers) November 4, 2024 DD3985666 Tower of Timed Button Fury
10%
56th Low-Mid Horrific N/A August 18, 2025 bgydan Tower of Vital Valiance
10%
63rd Low Horrific Pit of Misery September 27, 2022 tinenderman Tower of Water Melon
10%
79th Bottom-Low Horrific Area 1 (Ren's Random Ahh Towers) May 31, 2025 RenzovanHooren Cone Tower
7%
85th Bottom Horrific Place March 13, 2025 HybridLevitation Corner Tower
7%
86th Bottom Horrific Abandoned Manor (Azi's House of Soul-Crushing Towers) October 6, 2024 RenzovanHooren Tower of Devious Purism
7%
97th Bottom Horrific Timeless Manor July 7, 2025 HyperFantasies Tower of Fragile Balance
7%
84th Bottom-Low Horrific Area 1 (Ren's Random Ahh Towers) April 26, 2025 joelkoot Tower of Gtg House On Fire
7%
78th Bottom-Low Horrific Place July 27, 2024 Gehadimad Tower of Hollow Obstacles
7%
80th Bottom-Low Horrific Place July 6, 2025 imverygodatobbies Tower of Italianray Never Clear
7%
73rd Low Horrific Lag-Free Community Top Towers July 15, 2025 imverygodatobbies Tower of Nebulaic Remnants
7%
77th Bottom-Low Horrific Abyss (Community Top Towers) October 12, 2025 kilimanjaro Tower of The Altruistic Serosity
7%
74th Low Horrific Timeless Manor March 29, 2024 yezan1 Tower of The Bussin
7%
76th Bottom-Low Horrific Place January 10, 2024 yezan1 Tower of Truss Behemoth
7%
90th Bottom Horrific Place November 23, 2025 CTgaming456 Tower of Venerated Attrition
7%
75th Bottom-Low Horrific Lag-Free Community Top Towers July 8, 2025 imverygodatobbies Tower of Who Moved My Camera
7%
91st Bottom Horrific Spot 2 (Azi's House of Soul-Crushing Towers) June 9, 2025 zeverion Tower of Corrupted Zenith
3%
92nd Bottom Horrific Layer 2 (Zektrix's Towers of Hecc) August 6, 2025 zeverion Tower of Hollow Iridescences
3%
98th Bottom Horrific Place May 27, 2024 Senztrix Tower of Incessant Vexation
3%
87th Bottom Horrific Spot 2 (Azi's House of Soul-Crushing Towers) August 8, 2025 cuddlyno321 Tower of Technical Requirements
3%
No matching quizzes found
Score Distribution
Percent of People with Each Score
Percentile by Number Answered
Your Score History
You have not taken this quiz since the last reset